000 00684nam a2200181Ia 4500
008 090630s9999 xx 000 0 und d
082 _b10842
100 _aमुधोळकर रमेश.
245 _aडॉ. बाबासाहेब आंबेडकर.
_cमुधोळकर रमेश.
260 _bअनमोल पुणे.
_c1989
300 _a38
600 _aमुधोळकर रमेश.
630 _aडॉ. बाबासाहेब आंबेडकर.
655 _aबालवाङमय.
700 _aमुधोळकर रमेश.
730 _aडॉ. बाबासाहेब आंबेडकर.
942 _cBOOK
999 _c262698
_d262698